000 00256nam a2200097Ia 4500
001 1197662
005 20250827021831.0
008 250824s9999 xx 000 0 und d
245 0 _aŞAN KIZI DESTANI
_cAVİDAN AYDIN
260 _bKÜLTÜR BAKANLIĞI YAYINLARI
999 _c1197662
_d1197662